Výdavky percentom z príjmov - paušálne výdavky

Zákon č. 595/2003 Z.z. o dani z príjmov, účinný od 1.1.2004, vychádza z princípu tzv. rovnej dane. Všetky druhy príjmov právnických aj fyzických osôb sa zdaňujú jednotnou 19 perc. sadzbou. V citovanom zákone bol zrušený inštitút paušálnej zrušený. Vymedzenie podmienok na uplatnenie paušálnych výdavk...

Ausführliche Beschreibung

Gespeichert in:
Bibliographische Detailangaben
1. Verfasser: Faiglová, Svetlana
Format: Buchkapitel
Sprache:Slowakisch
Schlagworte:
Tags: Tag hinzufügen
Keine Tags, Fügen Sie das erste Tag hinzu!

MARC

LEADER 00000naa$a2200000$$$4500
001 0023134
005 20240426091358.1
041 0 |a slo 
044 |a SK 
245 1 0 |a Výdavky percentom z príjmov - paušálne výdavky  |c Svetlana Faiglová 
520 |a Zákon č. 595/2003 Z.z. o dani z príjmov, účinný od 1.1.2004, vychádza z princípu tzv. rovnej dane. Všetky druhy príjmov právnických aj fyzických osôb sa zdaňujú jednotnou 19 perc. sadzbou. V citovanom zákone bol zrušený inštitút paušálnej zrušený. Vymedzenie podmienok na uplatnenie paušálnych výdavkov. 
610 2 0 |a legislatíva 
610 2 0 |a Slovensko 
610 2 0 |a 2004 
610 2 0 |a dane z príjmov 
610 2 0 |a dane rovné 
610 2 0 |a sadzby daňové 
610 2 0 |a dane paušálne 
610 2 0 |a výdavky daňové 
610 2 0 |a výdavky paušálne 
610 2 0 |a osoby fyzické 
610 2 0 |a osoby právnické 
610 2 0 |a priznania daňové 
100 1 |a Faiglová, Svetlana